Culture Générale - Série 1529 - Statistiques

Statistiques générales
  • Ce quiz a été pris 103 fois
  • Le résultat moyen est 4 sur 10
Statistiques - réponses
Question Réponse % Correct
Les ingénieurs, affectés par l'État aux activités relevant du génie civil, sont des ingénieurs des Ponts et... Chaussées
77%
L'apiphobie est la peur des ... abeilles
76%
Quel mot anglais désigne la pièce de la maison, qui sert à la fois de salle à manger et de salon ? living
75%
De quel mouvement artistique, Pablo Picasso et Georges Braque sont-ils considérés comme les inventeurs ? cubisme
74%
Dans quelle ville trouve-t-on un quartier appelé Alphabet City ? New York
38%
En 2008, quel animal est "Horton" dans un dessin animé qui porte son nom ? éléphant
26%
Quel opéra a été construit par le Danois Jorn Oberg Utzon ? Opéra de Sydney
23%
Qui a inventé la carte à mémoire, dénommée communément carte à puce, en 1974 ? Roland Moreno
23%
Sur une carte mémoire que signifient les initiales SD ? Secure Digital
1%
Pour les catholiques, saint Patrick est le saint patron de l'Irlande, des dresseurs de serpents, et des ... ingénieurs
0%
Aucun quiz correspondant
Distribution des résultats
% des personnes avec chaque résultat
Percentile par nombre de réponses
Votre historique - résultats
Vous n’avez pas pris ce quiz